00787nam a22002177a 4500003000500000005001700005008004100022010001000063011001000073035001000083040000900093100003200102245020100134260003700335300000900372502009800381650002700479650001200506650001900518650003200537CHAP20220817041643.0971013s1987 r 00010 d a20848 a21820 a25911 cCHAP00aArredondo Rincón, Miguel. aEfecto del ácido indolbutírico y rootone F como inductores al enraizamiento y desarrollo vegetativo en estacas de Anacua (Ehretia elliptica L.) en Marín, N.L. bajo condiciones de invernadero aMarín, N.L. :bEl autor,c1987 a77 h aTesis (Ing. Agrónomo Fitotecnista) -- Univ. Autónoma de Nuevo León. Fac. de Agronomía14aAcido indolbutírico.14aAnacua.14aEnraizamiento.14aPropagación de árboles.